Gramática en la lengua general del nuevo reyno, llamada Mosca (Registro nro. 30964)
[ vista simple ]
| 000 -ENCABEZADO | |
|---|---|
| Número de control [NR] | 01158nam a2200229Ia 4500 |
| 005 - FECHA Y HORA DE LA ÚLTIMA TRANSACCIÓN | |
| control field | 20171018154945.0 |
| 008 - DE LONGITUD FIJA DE DATOS DE ELEMENTOS - INFORMACIÓN GENERAL | |
| Elementos de longitud fija [NR] | 130821s1979 sp gr spa |
| 040 ## - FUENTE DE CATALOGACION [NR] | |
| Agencia de catalogación original [NR] | Co-BoUCM |
| Idioma de catalogación [NR] | spa |
| Quien Cataloga | Saul Niño (Modificó) |
| Quien Clasifica | [Nuevo] |
| 041 00 - CODIGO DE IDIOMA [R] | |
| Código de idioma para texto/pista de sonido o título separado [R] | Español |
| 100 1# - ASIENTO PRINCIPAL--NOMBRE PERSONAL [NR] | |
| Nombre personal [NR] | Lugo, Bernardo de |
| Títulos u otras palabras asociadas al nombre [R] | Fray |
| ID Autoridad | 87791 |
| 245 00 - MENCION DE TITULO [NR] | |
| Título [NR] | Gramática en la lengua general del nuevo reyno, llamada Mosca |
| Mención de responsabilidad, etc. [NR] | compuesto por el Padre Fray Bernardo de Lugo. Predicador General del Orden de Predicadores, y Catedrático de la dicha lengua, en el Convento del Rosario de la Ciudad de Santa Fé |
| 260 ## - PUBLICACION, DISTRIBUCION, ETC. (PIE DE IMPRENTA) [R] | |
| Lugar de publicación, distribución, etc. [R] | Madrid (España) |
| Nombre del editor, distribuidor, etc. [R] | Barnardino de Guzmá |
| -- | Ediciones Sol y Luna |
| Fecha de publicación, distribución, etc. [R] | 1979 |
| 300 ## - DESCRIPCION FISICA [R] | |
| Extensión [R] | 157 páginas |
| 500 ## - NOTA GENERAL [R] | |
| Nota general [NR] | Se imprimió esta edición facsimilar de la Gramática Mosca del Padre Lugo, tomándola del ejemplar que se conserva en el Colegio del Rosario de Bogotá. |
| 650 04 - ASIENTO SECUNDARIO DE MATERIA - TERMINO TEMATICO [R] | |
| Término temático o nombre geográfico como elemento de entrada [NR] | Gramática comparada y general |
| 9 (RLIN) | 16517 |
| 650 04 - ASIENTO SECUNDARIO DE MATERIA - TERMINO TEMATICO [R] | |
| Término temático o nombre geográfico como elemento de entrada [NR] | Lenguaje y lenguas |
| Subdivisión general [R] | Gramática comparada y general |
| 9 (RLIN) | 18380 |
| 650 04 - ASIENTO SECUNDARIO DE MATERIA - TERMINO TEMATICO [R] | |
| Término temático o nombre geográfico como elemento de entrada [NR] | Lenguas chibcha |
| 9 (RLIN) | 18393 |
| 650 04 - ASIENTO SECUNDARIO DE MATERIA - TERMINO TEMATICO [R] | |
| Término temático o nombre geográfico como elemento de entrada [NR] | Lenguas indígenas |
| 9 (RLIN) | 18397 |
| 650 04 - ASIENTO SECUNDARIO DE MATERIA - TERMINO TEMATICO [R] | |
| Término temático o nombre geográfico como elemento de entrada [NR] | Lingüística aplicada |
| 9 (RLIN) | 439 |
| 942 ## - ELEMENTOS DE ENTRADA AGREGADOS (KOHA) | |
| Tipo de ítem principal el descrito en 300a | Libro |
| Tema principal | Lingüística |
| Edición | 1 |
| Parte restante de la signatura top. | G71 |
| Sistema de clasificación | DEWEY |
| Clasificación | 498.2 |
| Fecha de último préstamo | Total préstamos | Signatura topográfica | Código de barras | Última vez visto | Ejemplar | Price effective from | Tipo de ítem | Perdido | Sistema de clasificación | Dañado | No prestable | Tipo de ítem específico | Suprimido | Ubicación habitual | Ubicación actual | Localización | Fecha de creación | Forma de adquisición | Costo | Costo de reposición | Proveedor |
|---|---|---|---|---|---|---|---|---|---|---|---|---|---|---|---|---|---|---|---|---|---|
| 14/12/2005 | 1 | 498.2 G71 | 100029755 | 05/12/2025 | Ej.1 | 03/02/2013 | Libro | DEWEY | Libro | Claustro | Claustro | 2do piso | 28/02/2003 | Compra | 3000.00 | ||||||
| 14/03/2019 | 1 | 498.2 G71 | 100142291 | 05/12/2025 | Ej.5 | 07/05/2014 | Libro | DEWEY | Libro | Claustro | Claustro | 2do piso | 07/05/2014 | Donación | 0.00 | 26000.00 | 12 | ||||
| 498.2 G71 | 100161881 | 05/12/2025 | Ej.6 | 17/07/2019 | Libro | DEWEY | Libro | Claustro | Claustro | 2do piso | 17/07/2019 | Donación | 0.00 | 26000.00 | 12 |